Entrega de los premios '18 de julio' / I. Clopas Batlle
Publicado:
San Jorge, núm. 70 - 71 (2n - 3r trimestre 1968), pàg 138 :
MARC
| LEADER | 00000nam a2200000Ia 4500 | ||
|---|---|---|---|
| 001 | |||
| 008 | 160829s9999 xx 000 0 cat d | ||
| 100 | 1 | |a Clopas i Batlle, Isidre, |d 1913-2001 |9 24339 | |
| 245 | |a Entrega de los premios '18 de julio' / I. Clopas Batlle | ||
| 260 | |a San Jorge, núm. 70 - 71 (2n - 3r trimestre 1968), pàg 138 | ||
| 650 | |a Premis '18 juliol' |9 40284 | ||
| 650 | |a Ros Batllevell, Vicente |9 40285 | ||
| 650 | |a Capellades Coca, Juan I |9 40286 | ||
| 650 | |a Prats Matas, José |9 40287 | ||
| 650 | |a Pellisa Ripoll, Rafael |9 40288 | ||
| 650 | |a Martorell |9 40289 | ||
| 901 | |a Arxiu | ||
| 942 | |n 1 | ||
| 952 | |0 0 |1 0 |4 0 |7 1 |9 49547 |a Arxiu |b Arxiu |d 2016-12-01 |l 0 |r 2016-12-01 00:00:00 |w 2016-12-01 |y ARXIU | ||
| 999 | |c 53389 |d 53389 | ||